Evaluación de la calidad de la educación superior
| Korporativní autor: | |
|---|---|
| Médium: | Kniha |
| Jazyk: | španělština |
| Vydáno: |
México :
RUECA,
199?
|
| Témata: |
MARC
| LEADER | 00000nam a2200000Ia 4500 | ||
|---|---|---|---|
| 008 | 180427bs m ||||| |||| 00| | spa d | ||
| 999 | |c 1838 |d 1838 | ||
| 090 | |a 06.03.06 |b 873 | ||
| 110 | 2 | |a Red Universitaria de Evaluación de la Calidad |9 3625 | |
| 245 | 1 | 0 | |a Evaluación de la calidad de la educación superior |
| 260 | |a México : |b RUECA, |c 199? | ||
| 300 | |a paginación irregular | ||
| 650 | 1 | 4 | |a EDUCACIÓN SUPERIOR |9 8 |
| 650 | 1 | 4 | |a CALIDAD DE LA EDUCACIÓN |9 11 |
| 650 | 1 | 4 | |a EVALUACIÓN |9 287 |
| 650 | 1 | 4 | |a GUÍA |9 1822 |
| 942 | |i 001450 |h 06.03.06 873 |2 z |c 01 | ||
